WISDOM OF TEAMS (Record no. 8119)

MARC details
000 -LEADER
fixed length control field 00343nam a2200133Ia 4500
008 - FIXED-LENGTH DATA ELEMENTS--GENERAL INFORMATION
fixed length control field 240624s9999 xx 000 0 und d
041 ## - LANGUAGE CODE
Language code of text/sound track or separate title eng
082 ## - DEWEY DECIMAL CLASSIFICATION NUMBER
Classification number 658.3128 KAT
100 ## - MAIN ENTRY--PERSONAL NAME
Personal name KATZENBACH JON R
245 ## - TITLE STATEMENT
Title WISDOM OF TEAMS
260 ## - PUBLICATION, DISTRIBUTION, ETC.
Date of publication, distribution, etc. 2005
Place of publication, distribution, etc. New York
Name of publisher, distributor, etc. HarperCollins Publishers
300 ## - PHYSICAL DESCRIPTION
Extent xxxii, : 320 : p. : cm. ; 20
365 ## - TRADE PRICE
Currency code
Price amount 20
Holdings
Withdrawn status Lost status Damaged status Not for loan Home library Current library Shelving location Date acquired Source of acquisition Cost, normal purchase price Total Holds Full call number Barcode Date last seen Copy number Price effective from Koha item type
        IMTN IMTN Rack 26-A 01/17/2008 WBD 13.50 736 658.3128 KAT 8119 06/24/2024 39.48 06/24/2024 Books
Designed & Maintained by: LRC IMT Nagpur Contact: lrc@imtnag.ac.in© 2024. All Rights Reserved.